[Event "Greifswald Ryck op 24th"]
[Site "Greifswald"]
[Date "2023.07.19"]
[Round "1"]
[White "Greiner, Andre"]
[Black "Aydin, Erman"]
[Result "0-1"]
[WhiteElo "867"]
[BlackElo "1482"]
[PlyCount "58"]
[EventDate "2023.07.19"]
[EventType "swiss"]
[EventRounds "7"]
[EventCountry "GER"]
[SourceTitle "CBM 215 Extra"]
[Source "ChessBase"]
[SourceDate "2023.09.30"]
[SourceVersion "1"]
[SourceVersionDate "2023.09.30"]
[SourceQuality "1"]

1. e4 c5 2. d4 cxd4 3. Qxd4 Nc6 4. Qa4 d6 5. c3 Bd7 6. Bb5 a6 7. Bxc6 Bxc6 8. Qd4 Nf6 9. f3 e5 10. Qd3 Qc7 11. Ne2 Be7 12. Be3 0-0 13. Nd2 Rfd8 14. Ng3 d5 15. exd5 Rxd5 16. Qc2 b5 17. 0-0 Rad8 18. Nde4 Nxe4 19. Qxe4 Rd3 20. Qg4 Bd7 21. Nf5 Bxf5 22. Qxf5 Rxe3 23. f4 g6 24. Qg4 h5 25. Qxg6+ fxg6 26. fxe5 Qxe5 27. Rf2 Re1+ 28. Rxe1 Qxe1+ 29. Rf1 Bc5+ 0-1